Biotratamiento de residuos tóxicos y peligrosos : selección, estimación, modificación de microorganismos y aplicaciones /

Đã lưu trong:
Chi tiết về thư mục
Tác giả chính: Levin, Morris A. (ed.)
Tác giả khác: Gealt, Michael A. (edición) (edición)
Định dạng: Sách
Ngôn ngữ:Tiếng Tây Ban Nha
Được phát hành: Madrid, España : McGraw-Hill, 1997, c1997
Loạt:(Manuales McGraw-Hill de Ingeniería y Ciencia)
Những chủ đề:
Các nhãn: Thêm thẻ
Không có thẻ, Là người đầu tiên thẻ bản ghi này!

MARC

LEADER 00000nam^a2200000^a^4500
001 000096716
005 20250521000000.0
009 20260310092954.189
020 |a 84-481-1130-3 
037 |a Acervo ITESO - Biblioteca 
041 |a ESP 
082 |a 628. 42  |b LEV 
100 |a Levin, Morris A.  |e (ed.) 
245 1 0 |a Biotratamiento de residuos tóxicos y peligrosos :  |b selección, estimación, modificación de microorganismos y aplicaciones /  |c Ed. de M.A. Levin, M.A. Gealt ; tr. por Iñaki Tejero Monzón, Juanjo Amieva del Val. 
264 4 |a Madrid, España :  |b McGraw-Hill,  |c 1997, c1997 
300 |a 338 p. 
336 |a texto  |b txt  |2 rdacontenido 
337 |a sin mediación  |b n  |2 rdamedio 
338 |a volumen  |b nc  |2 rdasoporte 
440 1 |a (Manuales McGraw-Hill de Ingeniería y Ciencia) 
649 |a XX 
650 |a Sustancias Peligrosas 
650 |a Desechos Peligrosos 
650 |a Desechos Industriales -  |x Tratamiento y Reciclaje 
650 |a Plantas de Tratamiento (Agua) 
650 |a Riesgo Ambiental 
650 |a Conservación y Protección Ambiental 
650 |a Ingeniería Ambiental 
650 |a Ingeniería Sanitaria 
650 |a Seguridad Industrial 
650 |a Ingeniería Industrial 
700 |a Gealt, Michael A.  |e (edición) 
910 |a Fondo General 
920 |a Impresos - Libros 
930 |a Colección General 
905 |a 101 
901 |a 0500032076  |b IT1  |c ACC  |u 20250521 
902 |a https://opac.biblio.iteso.mx/vufind/Record/000096716